[Event "Berliner Sommer"]
[Site "Berlin"]
[Date "1996.??.??"]
[Round "3"]
[White "Sokolovs, Andrei"]
[Black "Czanderle, Guenther"]
[Result "1-0"]
[WhiteElo "2480"]
[BlackElo "2215"]

1.d4 d5 2.c4 c6 3.Nf3 Nf6 4.Nc3 a6 5.a4 a5 6.Bg5 h6 7.Bh4 Na6 8.cxd5 cxd5
9.e4 Nxe4 10.Nxe4 dxe4 11.Bb5+ Bd7 12.Ne5 Bxb5 13.Qb3 Qd6 14.Qxb5+  1-0

[Event "Berliner Sommer"]
[Site "Berlin"]
[Date "1996.??.??"]
[Round "4"]
[White "Timoshchenko, Gennadi A"]
[Black "Zschaebitz, Klaus"]
[Result "1-0"]
[WhiteElo "2530"]
[BlackElo "2240"]

1.d4 d5 2.c4 c6 3.Nf3 Nf6 4.Nc3 a6 5.a4 Nbd7 6.e3 g6 7.Be2 Bg7 8.cxd5 Nxd5
9.e4 Nxc3 10.bxc3 O-O 11.O-O Nf6 12.Qd3 Qc7 13.Ba3 Nh5 14.g3 Bh3 15.Rfe1 Bg4
16.e5 Bh6 17.c4 Ng7 18.d5 cxd5 19.cxd5 Rae8 20.d6 Qd7 21.e6 fxe6 22.dxe7 Qxd3
23.exf8=Q+ Rxf8 24.Bxd3 Rxf3 25.Be2 Rxa3 26.Rxa3 Bd2 27.Rd1 Bb4 28.Ra2 Bxe2
29.Rxe2 b5 30.Rd8+ Kf7 31.Rd7+ Kf6 32.axb5 axb5 33.Rb2 Bc3 34.Rxb5 h5 35.Rb3 Ba1
36.Rd1 Be5 37.f4 Bc7 38.Rd7 Ba5 39.Rbb7 Be1 40.Rf7+  1-0

[Event "Bern Cup"]
[Site "Bern"]
[Date "1996.??.??"]
[Round "3"]
[White "Gurevich, Dmitry"]
[Black "Hodgson, Julian M"]
[Result "1-0"]
[WhiteElo "2535"]
[BlackElo "2615"]

1.d4 d5 2.c4 c6 3.Nf3 Nf6 4.Nc3 a6 5.c5 Bg4 6.Ne5 Bh5 7.Qb3 Ra7 8.Bf4 Nfd7
9.e4 e6 10.exd5 exd5 11.Bd3 Be7 12.O-O O-O 13.Rfe1 Bg6 14.Nxg6 fxg6 15.Bg3 Bf6
16.Nxd5 cxd5 17.Qxd5+ Kh8 18.Bd6 b5 19.Bxf8 Qxf8 20.c6 Nxc6 21.Qxc6 Bxd4
22.Re6 Bxf2+ 23.Kh1 Nf6 24.Rf1 Bc5 25.Rfxf6 gxf6 26.Re8 Qxe8 27.Qxe8+ Kg7
28.g4 b4 29.h4 a5 30.g5 Rf7 31.Bc4 Rf8 32.Qd7+ Kh8  1-0

[Event "SLO-chT"]
[Site "Bled"]
[Date "1996.??.??"]
[Round "2"]
[White "Farago, Ivan"]
[Black "Babici, Roman"]
[Result "1-0"]
[WhiteElo "2515"]
[BlackElo "2215"]

1.d4 d5 2.c4 c6 3.Nf3 Nf6 4.Nc3 a6 5.e3 b5 6.b3 Bg4 7.Be2 e6 8.O-O Bd6 9.Bb2 Nbd7
10.Ne5 Bxe2 11.Nxe2 Rc8 12.a4 b4 13.Rc1 O-O 14.Qd3 Bxe5 15.dxe5 Ne4 16.Bd4 Nec5
17.Qc2 Qg5 18.Nf4 Ne4 19.cxd5 exd5 20.e6 Ne5 21.f3 Nf6 22.h4 Qxh4 23.Bxe5 fxe6
24.Nxe6 Rfe8 25.Qf5 Nh5 26.Ng5 h6 27.Qh7+ Kf8 28.Bd6+  1-0

[Event "SLO-chT"]
[Site "Bled"]
[Date "1996.??.??"]
[Round "4"]
[White "Cvitan, Ognjen"]
[Black "Babici, Roman"]
[Result "1-0"]
[WhiteElo "2535"]
[BlackElo "2215"]

1.d4 d5 2.c4 c6 3.Nf3 Nf6 4.Nc3 a6 5.cxd5 cxd5 6.Bf4 Nc6 7.Rc1 Ne4 8.Ne5 Nxc3
9.Rxc3 e6 10.Nxc6 bxc6 11.a3 Bd7 12.e3 Be7 13.Bd3 O-O 14.O-O a5 15.Bc2 Rc8
16.Qe2 c5 17.dxc5 Rxc5 18.Rxc5 Bxc5 19.Bxh7+ Kxh7 20.Qc2+ Kg8 21.Qxc5 a4
22.Be5 Qc8 23.Qb4 f6 24.Bc3 Kf7 25.Rd1 Qb8 26.e4 Qxb4 27.Bxb4 Rc8 28.exd5 exd5
29.f3 Be6 30.Bc3 Rc4 31.g3 d4 32.Bxd4 Rc2 33.g4 g5 34.Bc3 Bc4 35.Rd6 Be6
36.Ra6 f5 37.gxf5 Bd5 38.f6 g4 39.Ra7+ Ke8 40.Re7+ Kd8 41.Ba5+ Kc8 42.f7  1-0

[Event "NLD-chT playoff"]
[Site "Breda"]
[Date "1996.??.??"]
[Round "?"]
[White "Van der Sterren, Paul"]
[Black "Hodgson, Julian M"]
[Result "1-0"]
[WhiteElo "2535"]
[BlackElo "2615"]

1.d4 d5 2.c4 c6 3.Nf3 Nf6 4.Nc3 a6 5.cxd5 cxd5 6.Bf4 e6 7.e3 Be7 8.h3 b5
9.Bd3 Nc6 10.Rc1 Bb7 11.O-O O-O 12.a4 b4 13.Nb1 Rc8 14.Nbd2 Na5 15.Qe2 Qb6
16.Bg5 Nc6 17.Ne5 Rc7 18.Nb3 Rfc8 19.f4 h6 20.Bh4 Ne4 21.Nxc6 Bxh4 22.a5 Qxc6
23.Rxc6 Rxc6 24.Bxe4 dxe4 25.Nc5 Rxc5 26.dxc5 Rxc5 27.Qd2 Rxa5 28.Qd7 Bd5
29.Rc1 f5 30.Rc7  1-0

[Event "Brno op"]
[Site "Brno"]
[Date "1996.??.??"]
[Round "?"]
[White "Uhmann, Jan"]
[Black "Mlynek, Petr"]
[Result "0-1"]
[WhiteElo "2220"]
[BlackElo "2150"]

1.d4 d5 2.c4 c6 3.Nf3 Nf6 4.Nc3 a6 5.a4 Bf5 6.e3 e6 7.Be2 h6 8.Ne5 Nbd7 9.f4 Bb4
10.O-O Ne4 11.Na2 Be7 12.b3 O-O 13.g4 Bh7 14.Bb2 Nxe5 15.dxe5 Bc5 16.Bd4 Qh4
17.Qe1 Qh3 18.cxd5 cxd5 19.Bf3 Rac8 20.Rc1 Ba3 21.Rxc8 Rxc8 22.Qe2 Nc5 23.Bg2 Qh4
24.f5 Nxb3 25.Bb6 Bc5 26.a5 Bxb6 27.axb6 h5 28.Rf4 Nc1 29.Nxc1 Rxc1+ 30.Bf1 Qe1
31.Qxe1 Rxe1 32.Kf2 Rb1 33.fxe6 fxe6 34.gxh5 Rxb6  0-1

[Event "Budapest FS03 GM"]
[Site "Budapest"]
[Date "1996.??.??"]
[Round "1"]
[White "Volzhin, Alexander"]
[Black "Keitlinghaus, Ludger"]
[Result "1/2-1/2"]
[WhiteElo "2485"]
[BlackElo "2475"]

1.d4 d5 2.c4 c6 3.Nc3 Nf6 4.Nf3 a6 5.e3 b5 6.b3 Bg4 7.Be2 e6 8.O-O Nbd7 9.Bb2 Qb8
10.c5 g6 11.Ne5 Bxe2 12.Nxe2 Qb7 13.a4 Bg7 14.axb5 axb5 15.Rxa8+ Qxa8 16.Qa1 Qb7
17.Nd3 O-O 18.Bc3 Ra8  1/2-1/2

[Event "Budapest FS03 GM"]
[Site "Budapest"]
[Date "1996.??.??"]
[Round "3"]
[White "Gyimesi, Zoltan"]
[Black "Keitlinghaus, Ludger"]
[Result "1/2-1/2"]
[WhiteElo "2545"]
[BlackElo "2475"]

1.d4 d5 2.c4 c6 3.Nf3 Nf6 4.Nc3 a6 5.a4 g6 6.e3 Bg7 7.Be2 O-O 8.O-O c5 9.cxd5 Nxd5
10.e4 Nxc3 11.bxc3 cxd4 12.cxd4 Bg4 13.Be3 e6 14.Rb1 Nc6 15.d5 exd5 16.exd5 Ne7
17.d6 Nf5 18.Bf4 b5 19.h3 Bxf3 20.Bxf3 Rc8 21.axb5 axb5 22.Be2 Nd4 23.Bxb5 Rc5
24.Ba4 Rc4 25.d7 Qa8 26.Bd6 Rd8 27.Be7 Rxa4 28.Bxd8 Ra7 29.Bb6 Rxd7 30.Bxd4 Bxd4
31.Qe2 Kg7 32.Rbd1 Qd8 33.Rd2 Bf6 34.Rxd7 Qxd7 35.Rd1 Qa7 36.Qf3 h5 37.Rb1 h4
38.Qe4 Qa2 39.Rd1 Qb3 40.Qd5 Qb2 41.Qd7 Qb3 42.Qg4 Qa2 43.Rd7 Qb1+ 44.Qd1 Qb2
45.Kf1 Qa2 46.Qd5 Qa6+ 47.Qd3 Qa1+ 48.Qd1 Qa6+ 49.Qe2 Qa1+ 50.Rd1 Qc3 51.Qd3 Qe5
52.Qd5 Qb2 53.Rd2 Qa1+ 54.Ke2 Qa3 55.Rd3 Qe7+ 56.Kf3 Ba1 57.Rb3 Qf6+ 58.Ke2 Bd4
59.Rf3 Qa6+ 60.Rd3 Ba1 61.Qe4 Bf6 62.Ke3 Bg5+ 63.f4 Bf6 64.Kf3 Qa1 65.Kg4 Qf1
66.Qf3 Qb1 67.Qe2 Qb5 68.Kf3 Qh5+ 69.Kf2 Qc5+ 70.Qe3 Qc2+ 71.Rd2 Qc8 72.Kg1 Qf5
73.Rd1 Qc8 74.Qf3 Qf5 75.Kh1 Qc8 76.Qg4 Qc2 77.Rf1 Qd3 78.Qf3 Qf5 79.Kh2 Qc2
80.Rd1 Qc8 81.Qe4 Qc7 82.Kh1 Qc8 83.Rb1 Qd7 84.Kh2 Qd2 85.Qf3 Qc2 86.Rd1 Qc7
87.Kh1 Qc8 88.Qg4 Qc2 89.Kh2 Qf2 90.Kh1  1/2-1/2

[Event "Budapest FS08 GM"]
[Site "Budapest"]
[Date "1996.??.??"]
[Round "4"]
[White "Stocek, Jiri"]
[Black "Keitlinghaus, Ludger"]
[Result "1/2-1/2"]
[WhiteElo "2460"]
[BlackElo "2515"]

1.d4 d5 2.c4 c6 3.Nc3 Nf6 4.Nf3 a6 5.c5 Nbd7 6.h3 b6 7.cxb6 Qxb6 8.e3 a5
9.Bd3 Ba6 10.O-O e6 11.Bxa6 Qxa6 12.Qc2 Bd6 13.e4 Nxe4 14.Nxe4 dxe4 15.Ng5 Nf6
16.Nxe4 Nxe4 17.Qxe4 O-O 18.Bf4 Bxf4 19.Qxf4 Qb6 20.b3 Rfd8 21.Rfc1 a4 22.bxa4 Rxd4
23.Rxc6 Rxf4 24.Rxb6 g5  1/2-1/2

[Event "Budapest FS03 GM"]
[Site "Budapest"]
[Date "1996.??.??"]
[Round "5"]
[White "Dao Thien Hai"]
[Black "Keitlinghaus, Ludger"]
[Result "1/2-1/2"]
[WhiteElo "2560"]
[BlackElo "2475"]

1.d4 d5 2.c4 c6 3.Nf3 Nf6 4.Nc3 a6 5.Bg5 Ne4 6.h4 Nxc3 7.bxc3 dxc4 8.e4 b5
9.Ne5 Nd7 10.Nxc6 Qc7 11.d5 Bb7 12.Be2 Bxc6 13.dxc6 Qxc6 14.Qd5 Qxd5 15.exd5 g6
16.O-O-O h6 17.Bf4 Bg7 18.Rh3 O-O 19.Re3 Rae8 20.Kc2 Nc5 21.Bc7 Rc8 22.Bb6 Nd7
23.Ba5 Be5 24.Bf3 Bd6 25.Rde1 Nc5 26.Rxe7 Nd3 27.R1e2 Bxe7 28.Rxe7 Rfe8 29.Rxe8+ Rxe8
30.d6 Ne1+ 31.Kc1 Nxf3 32.gxf3 Re1+ 33.Kc2 Re2+ 34.Kc1  1/2-1/2

[Event "Budapest FS08 GM"]
[Site "Budapest"]
[Date "1996.??.??"]
[Round "6"]
[White "Lukacs, Peter"]
[Black "Keitlinghaus, Ludger"]
[Result "1-0"]
[WhiteElo "2475"]
[BlackElo "2515"]

1.d4 d5 2.c4 c6 3.Nc3 Nf6 4.Nf3 a6 5.e3 b5 6.b3 Bg4 7.Be2 e6 8.O-O Nbd7 9.Ne5 Bxe2
10.Nxe2 Bd6 11.Bb2 Rc8 12.Rc1 O-O 13.Nf4 bxc4 14.bxc4 dxc4 15.Nxc4 Bxf4 16.exf4 Qc7
17.Ba3 c5 18.dxc5 Qxf4 19.c6 Rxc6 20.Bxf8 Kxf8 21.Ne3 Rxc1 22.Qxc1 Qa4 23.Qb2 g6
24.h3 h5 25.Rc1 Qa5 26.a3 Kg7 27.Rd1 Kg8 28.Rd6 Ne5 29.Qb4 Qc7 30.Rxa6 Qc1+
31.Kh2 Kh7 32.Qe7  1-0

[Event "Budapest FS06 GM"]
[Site "Budapest"]
[Date "1996.??.??"]
[Round "7"]
[White "Lukacs, Peter"]
[Black "Bezgodov, Alexei"]
[Result "0-1"]
[WhiteElo "2440"]
[BlackElo "2485"]

1.d4 d5 2.c4 c6 3.Nf3 Nf6 4.Nc3 a6 5.Ne5 dxc4 6.a4 e6 7.e3 c5 8.Bxc4 Bd6
9.O-O O-O 10.Bd3 Qc7 11.Nf3 Nbd7 12.Bd2 b6 13.Ne4 Bb7 14.Nxd6 Qxd6 15.Bc3 Rfd8
16.Re1 cxd4 17.exd4 Nd5 18.Rc1 N7f6 19.Bb1 Nf4 20.Re5 Rac8 21.Ne1 Qxe5 22.dxe5 Rxd1
23.Rxd1 Ne2+ 24.Kf1 Nxc3 25.bxc3 Ng4 26.Rd6 Nxe5 27.Rxb6 Bd5 28.Ke2 g5 29.Bd3 a5
30.Rb5 Rxc3 31.Rxa5 g4 32.Kd2 Rxd3+  0-1

[Event "Budapest FS08 GM"]
[Site "Budapest"]
[Date "1996.??.??"]
[Round "8"]
[White "Szabolcsi, Janos"]
[Black "Keitlinghaus, Ludger"]
[Result "0-1"]
[WhiteElo "2425"]
[BlackElo "2515"]

1.d4 d5 2.Nf3 c6 3.c4 Nf6 4.Nc3 a6 5.Ne5 Nbd7 6.Bf4 dxc4 7.Nxc4 b5 8.Ne5 Bb7
9.e3 e6 10.Be2 c5 11.Bf3 Bxf3 12.Qxf3 cxd4 13.exd4 Bb4 14.O-O Bxc3 15.bxc3 Nd5
16.c4 bxc4 17.Nxc4 Qf6 18.Bd6 Qxf3 19.gxf3 Rc8 20.Rfc1 N7b6 21.Nxb6 Nxb6
22.Rcb1 Nc4 23.Bc5 Kd7 24.Rb4 Nd6 25.Rab1 Rc6 26.Bxd6 Kxd6 27.Rb7 Rf8 28.Ra7 e5
29.dxe5+ Kxe5 30.Rbb7 Rf6 31.Kg2 Rg6+ 32.Kf1 Rf6 33.Ke2 Kf5 34.Re7 Kg6 35.Re4 h5
36.f4 Rc8 37.Ra4 Rcc6 38.Kf3 Kh6 39.h4 g6 40.Re7 Kg7 41.Ree4 Rc5 42.Rac4 Ra5
43.Ra4 Rff5 44.Rec4 Rfb5 45.Ke3 Rxa4 46.Rxa4 a5 47.Ke4 Kf6 48.a3 Ke6 49.Rc4 Rb2
50.Rc6+ Ke7 51.Rc5 Rxf2 52.Rxa5 Rh2 53.Ke5 Rxh4 54.Ra7+ Ke8 55.a4 Kf8 56.f5 Kg7
57.f6+ Kh6 58.Rxf7 Rxa4 59.Rf8 Ra5+ 60.Ke6 Ra6+ 61.Ke5 Kg5 62.f7 Rf6 63.Ke4 Rf5
64.Ke3 Kf6  0-1

[Event "Budapest FS04 GM"]
[Site "Budapest"]
[Date "1996.??.??"]
[Round "8"]
[White "Lukacs, Peter"]
[Black "Keitlinghaus, Ludger"]
[Result "1/2-1/2"]
[WhiteElo "2440"]
[BlackElo "2475"]

1.d4 d5 2.c4 c6 3.Nf3 Nf6 4.Nc3 a6 5.a4 e6 6.Bg5 Nbd7 7.Qc2 Bb4 8.e3 Qa5
9.Bxf6 Nxf6 10.Bd3 dxc4 11.Bxc4 Nd5 12.Rc1 Bxc3+ 13.bxc3 Nb6 14.Bd3 Qxa4
15.Qb1 Nd7 16.Bxh7 Qb5 17.Qc2 Qh5 18.Bd3 b6 19.Be2 Qd5 20.O-O Qd6 21.c4 c5
22.d5 Ne5 23.g3 Nxf3+ 24.Bxf3 e5 25.Bg2  1/2-1/2

[Event "Budapest FS08 GM"]
[Site "Budapest"]
[Date "1996.??.??"]
[Round "10"]
[White "Dao Thien Hai"]
[Black "Keitlinghaus, Ludger"]
[Result "1/2-1/2"]
[WhiteElo "2535"]
[BlackElo "2515"]

1.d4 d5 2.c4 c6 3.Nf3 Nf6 4.Nc3 a6 5.Ne5 Nbd7 6.Bf4 dxc4 7.Nxc4 b5 8.Ne5 Bb7
9.e3 e6 10.Be2 c5 11.Bf3 Bxf3 12.Qxf3 cxd4 13.exd4 Bb4 14.Bg5 Bxc3+ 15.bxc3 Qc8
16.O-O Nxe5 17.dxe5 Nd5 18.Rfc1 O-O 19.c4 bxc4 20.Qg4 c3 21.Bf6 g6 22.Qg5 Nxf6
23.exf6 Kh8 24.Rc2 Qc4 25.Rac1 Rad8 26.Qe5 Rd5 27.Rxc3 Rxe5 28.Rxc4 h6 29.Rc5 Rf5
30.Rc8 Rxc8 31.Rxc8+ Kh7 32.Ra8 Rxf6  1/2-1/2

[Event "Budapest FS03 GM"]
[Site "Budapest"]
[Date "1996.??.??"]
[Round "11"]
[White "Gyimesi, Zoltan"]
[Black "Namgilov, Sogto"]
[Result "1/2-1/2"]
[WhiteElo "2545"]
[BlackElo "2425"]

1.d4 d5 2.c4 c6 3.Nf3 Nf6 4.Nc3 a6 5.a4 e6 6.e3 c5 7.Be2 Nc6 8.O-O dxc4 9.Bxc4 Be7
10.Qe2 O-O 11.Rd1 Qc7 12.Bd2 b6  1/2-1/2

[Event "Cappelle op"]
[Site "Cappelle la Grande "]
[Date "1996.??.??"]
[Round "3"]
[White "Sulava, Nenad"]
[Black "Velicka, Petr"]
[Result "0-1"]
[WhiteElo "2480"]
[BlackElo "2420"]

1.d4 d5 2.c4 c6 3.Nf3 Nf6 4.Nc3 a6 5.cxd5 cxd5 6.Bg5 Ne4 7.Bh4 Nc6 8.e3 Qa5
9.Qb3 e6 10.Bd3 f5 11.Rc1 Bd6 12.Bg3 Nxg3 13.hxg3 O-O 14.g4 fxg4 15.Bxh7+ Kf7
16.Nh4 Ne7 17.Qc2 Rh8 18.Ke2 Bd7 19.Bg6+ Kf6 20.Bd3 Rh6 21.f4 Rah8 22.g3 Nf5
23.Bxf5 exf5 24.Kf2 g6 25.a3 Bc6 26.Qd3 Qd8 27.b4 Be7 28.Qb1 R8h7 29.Ng2 Rh3
30.Rhg1 Kg7 31.Ne1 Bh4 32.gxh4 Qxh4+ 33.Ke2 Rh2+ 34.Rg2 Qg3 35.Rxh2 Rxh2+
36.Kd3 Qf2 37.Rc2 Qf1+ 38.Ne2 Rxe2 39.Rxe2 Bb5+ 40.Kc3 Qxe2 41.Nc2 Bd3  0-1

[Event "Cetinje"]
[Site "Cetinje"]
[Date "1996.??.??"]
[Round "?"]
[White "Poluljahov, Aleksandr"]
[Black "Konjevic, Djordje"]
[Result "1/2-1/2"]
[WhiteElo "2480"]
[BlackElo "2380"]

1.c4 Nf6 2.Nf3 c6 3.Nc3 d5 4.d4 a6 5.Ne5 Nbd7 6.Bf4 Nxe5 7.dxe5 d4 8.exf6 dxc3
9.Qxd8+ Kxd8 10.fxe7+ Bxe7 11.O-O-O+ Ke8 12.bxc3 Bf5 13.Kb2 g5 14.Bg3 Rd8
15.Rxd8+ Kxd8 16.f3 Be6 17.e4 Kc8 18.Bd3 Rd8 19.Kc2 b6 20.Bf2 c5 21.h4 g4
22.f4 Bd7 23.g3 Ba4+ 24.Kd2 b5 25.Ke2 bxc4 26.Bxc4 Bb5 27.Bxb5 axb5 28.Rb1 b4
29.Be1 bxc3 30.Bxc3 Rd7 31.a4 c4 32.a5 Rd3 33.Be1 Bc5 34.e5 Re3+ 35.Kf1 c3
36.a6 Rf3+ 37.Kg2 Kc7 38.Rc1 Bd4 39.Ra1 Ba7 40.Ra2 Kc6 41.f5 Kd5 42.Re2 Rxf5
43.Bxc3 Kc4 44.Be1 Rf3 45.Re4+ Kd5 46.Rxg4 Ra3 47.Rg7 h6 48.Rxf7 Rxa6 49.Bd2 Bd4
50.Bf4 Ke4 51.Rh7 Bxe5 52.Re7 Ra5 53.Bxh6 Kf5 54.Be3 Kg4 55.Bf2 Rb5 56.Re8 Kh5
57.Kf3 Rb3+ 58.Be3 Rxe3+ 59.Kxe3 Bxg3 60.Rh8+ Kg4 61.h5 Be5 62.Rh7 Kf5 63.Rb7 Bf4+
64.Kf3 Bh6 65.Rb5+ Kf6 66.Kg4 Kg7 67.Rb7+ Kf6 68.Rb6+ Kg7 69.Kf5 Be3 70.Re6 Bd2
71.Re2 Bc1 72.Rg2+ Kh7 73.Rg6 Bd2 74.Kf6 Bc3+ 75.Kf7 Bd4 76.h6 Bc3 77.Rg3 Bb2
78.Rh3 Bc1 79.Kf6 Bd2 80.Kf5 Bc1 81.Rh1 Bd2 82.Kf6 Be3 83.Re1 Bd2 84.Rd1 Be3
85.Rd7+ Kxh6 86.Rd3 Bg5+ 87.Kf5  1/2-1/2

[Event "Copenhagen KS"]
[Site "Copenhagen"]
[Date "1996.??.??"]
[Round "3"]
[White "Volke, Karsten"]
[Black "Hellsten, Johan"]
[Result "1/2-1/2"]
[WhiteElo "2475"]
[BlackElo "2490"]

1.d4 d5 2.c4 c6 3.Nc3 Nf6 4.Nf3 a6 5.c5 Bf5 6.Qb3 Qc8 7.Bf4 Nbd7 8.h3 h6
9.e3 e6 10.Be2 Be7 11.O-O O-O 12.Na4 Bd8 13.Ne5 Re8 14.Rac1 Nxe5 15.Bxe5 Nd7
16.f4 Nxe5 17.fxe5 Qc7 18.Bd3 f6 19.Nb6 Rb8 20.Bxf5 exf5 21.Rxf5 Kh8 22.Rcf1 Be7
23.Qc2 fxe5 24.dxe5 Bg5 25.Kh1 Rbd8 26.Qc3 Re7 27.Qd4 Re6 28.e4 g6 29.Rf7 Qxe5
30.Qxe5+ Rxe5 31.exd5 cxd5 32.Rxb7 Rde8 33.c6 Re1 34.Rxe1 Rxe1+ 35.Kh2 Rc1
36.Nxd5 Rxc6 37.Kg3 Rd6 38.Nc3 Rd3+ 39.Kf2 Rd2+ 40.Kf3 Bf6 41.Rb8+ Kg7 42.Rb7+ Kf8
43.Rb6 Bxc3 44.bxc3 Kf7 45.Rxa6 Rd3+ 46.Ke2 Rg3 47.Kf1 Rxc3 48.Rd6 Rc2 49.a4 Ra2
50.Rd4 Kf6 51.Kg1 Kf7 52.Kh2 Ra3 53.Rf4+ Kg7 54.h4 h5 55.g3 Ra2+ 56.Kh3 Kh6
57.Rb4 Kg7 58.Rb7+ Kg8 59.Rb4 Kg7 60.Re4 Kh6 61.Rc4 Kg7 62.g4 Ra3+ 63.Kg2 hxg4
64.Rxg4 Kh6 65.Kf2 Kh5 66.Rb4 g5 67.hxg5 Kxg5 68.Ke2 Kf6 69.Kd2 Ke7 70.Rd4 Rh3
71.Kc2 Rh8 72.Kb3 Rd8 73.Rh4 Kd7 74.Rb4 Kc7 75.Kc4 Rb8 76.Rb5 Rxb5 77.axb5 Kb6
78.Kb4 Kb7 79.Kc5 Kc7 80.b6+ Kb7 81.Kb5 Kb8 82.Ka6 Ka8  1/2-1/2

[Event "Politiken Cup"]
[Site "Copenhagen"]
[Date "1996.??.??"]
[Round "10"]
[White "Hellsten, Johan"]
[Black "Schneider, Stefan"]
[Result "1-0"]
[WhiteElo "2475"]
[BlackElo "2225"]

1.d4 Nf6 2.c4 c6 3.Nc3 d5 4.Nf3 a6 5.Ne5 e6 6.Bf4 c5 7.e3 Nc6 8.Rc1 cxd4
9.exd4 Be7 10.Nxc6 bxc6 11.c5 a5 12.Qa4 Bb7 13.Bd3 O-O 14.O-O Nd7 15.Rfe1 Bg5
16.Bxg5 Qxg5 17.Re3 Rfd8 18.Bb1 e5 19.Qc2 e4 20.a3 f5 21.Nxd5 cxd5 22.c6 Rac8
23.Rc3 Bxc6 24.Rxc6 Nb6 25.Ba2 Rxc6 26.Qxc6 Qd2 27.h4 Qxd4 28.Rc5 Qf6 29.Qxf6 gxf6
30.Rxa5 Nc4 31.Rxd5 Rc8 32.Rd4  1-0

[Event "CZE-chT 9596"]
[Site "?"]
[Date "1996.??.??"]
[Round "2"]
[White "Pribyl, Martin"]
[Black "Velicka, Petr"]
[Result "0-1"]
[WhiteElo "2325"]
[BlackElo "2420"]

1.d4 d5 2.c4 c6 3.Nf3 Nf6 4.Nc3 a6 5.a4 e6 6.Bg5 Be7 7.e3 c5 8.dxc5 dxc4
9.Qxd8+ Kxd8 10.Ne5 Ke8 11.Nxc4 Bxc5 12.Be2 Nc6 13.O-O Ke7 14.Ne4 Bb4 15.Nb6 Rb8
16.Nxf6 gxf6 17.Bh4 Ne5 18.Rac1 Ba5 19.Rc7+ Bd7 20.Nxd7 Bxc7 21.Nxb8 Rxb8
22.f4 Nc6 23.Rc1 Bb6 24.Bf2 Rd8 25.Kf1 Rd2 26.Bxa6 Nb4 27.Be1 Rxb2 28.Bxb4+ Rxb4
29.Bb5 Bxe3 30.Rc7+ Kf8 31.Rxb7 Bxf4 32.g3 Bd2 33.Ke2 Rb2 34.Kd3 Be1 35.Rb8+ Kg7
36.Ra8 Rxh2 37.a5 Ra2 38.a6 Bxg3 39.Be8 Bf2 40.Kc4 h5 41.Kb3 Ra1 42.Ba4 h4
43.a7 Bxa7 44.Rxa7 h3 45.Kb2 h2 46.Kxa1 h1=Q+ 47.Kb2 Qh2+ 48.Ka3 Qd6+ 49.Ka2 Qd2+
50.Kb1 Qe1+ 51.Kb2 Qf2+  0-1

[Event "CZE-chT 9596"]
[Site "?"]
[Date "1996.??.??"]
[Round "10"]
[White "Priehoda, Vitezslav"]
[Black "Velicka, Petr"]
[Result "1/2-1/2"]
[WhiteElo "2380"]
[BlackElo "2420"]

1.d4 d5 2.Nf3 Nf6 3.c4 c6 4.Nc3 a6 5.c5 g6 6.Bf4 Bg7 7.e3 Nbd7 8.h3 Ne4 9.Nxe4 dxe4
10.Ng5 e5 11.dxe5 Qa5+ 12.Qd2 Qxd2+ 13.Kxd2 Nxc5 14.Rc1 Bf8 15.Bc4 Be6 16.Nxe6 Nxe6
17.Bxe6 fxe6 18.Rc4 O-O-O+ 19.Ke2 Rd5 20.Rd1 Bg7 21.Rxe4 Rxd1 22.Kxd1 Rd8+
23.Kc2 Rd5 24.g4 Kd7 25.Bg3 b5 26.g5 Ke8 27.Rh4 Bxe5 28.f4 Bg7 29.Rxh7 Kf7
30.Be1 Kg8 31.Rh4 Rc5+ 32.Kb1 Rd5 33.Kc2 Rc5+ 34.Kb3 Rc1 35.Bd2 Rh1 36.Bc3 c5
37.Bxg7 Kxg7 38.Kc3 Rh2 39.e4 Rf2 40.a3 Rf3+ 41.Kc2 c4 42.Kd2 Rb3 43.Kc2 Rg3
44.Kd2 a5 45.a4 b4 46.f5 Rg2+ 47.Kc1 Rxg5 48.fxe6 Re5 49.Rf4 Rxe6 50.e5 Rxe5
51.Rxc4 Re1+ 52.Kd2 Ra1 53.Kc2 Rxa4 54.Kb1 Kf6  1/2-1/2

[Event "Dresden op"]
[Site "Dresden"]
[Date "1996.??.??"]
[Round "3"]
[White "Wells, Peter K"]
[Black "Zschaebitz, Klaus"]
[Result "1-0"]
[WhiteElo "2475"]
[BlackElo "2240"]

1.Nf3 d5 2.d4 Nf6 3.c4 c6 4.Nc3 a6 5.e3 Bg4 6.Qb3 b5 7.cxd5 Bxf3 8.gxf3 cxd5
9.a4 b4 10.Qxb4 Nc6 11.Qb3 e5 12.dxe5 Nxe5 13.Qd1 Bb4 14.Bg2 Qa5 15.O-O Rd8
16.Ne2 O-O 17.Nd4 Rc8 18.b3 Bc3 19.Rb1 Nc6 20.Ne2 d4 21.b4 Nxb4 22.Ba3 Nfd5
23.Nxd4 Rfd8 24.Qb3 Bxd4 25.Bxb4 Nxb4 26.Qxb4 Bc3 27.Qxa5 Bxa5 28.Rfc1 g6
29.f4 Rxc1+ 30.Rxc1 Rd6 31.Bf1 Kg7 32.Kg2 Bd8 33.Kf3 a5 34.Rc8 Rd2 35.Be2 Bh4
36.Rc7 Bd8 37.Ra7 Rc2 38.Bd3 Rc3 39.Be4 Bc7 40.Bd5 f5 41.Ke2 Kh6 42.Kd2 Rc5
43.Bg8 Kg7 44.Bb3 Kh6 45.Kd3 Rc6 46.Bd5 Rc5 47.Bg8 Rc6 48.Rb7 g5 49.fxg5+ Kxg5
50.Bxh7 f4 51.Be4 Rc1 52.Rb5+ Kh6 53.h4 Ra1 54.Rb7 Ra3+ 55.Kd4 Rxa4+ 56.Kd5 fxe3
57.Rxc7 Kh5 58.Rh7+ Kg4 59.fxe3 Kg3 60.h5 Kf2 61.Re7 Ra1 62.h6  1-0

[Event "Eislingen team U26"]
[Site "Eislingen"]
[Date "1996.??.??"]
[Round "2"]
[White "Latzke, Boris Alexander"]
[Black "Kargoll, Boris"]
[Result "1-0"]
[WhiteElo "2220"]
[BlackElo "2245"]

1.d4 d5 2.c4 c6 3.Nf3 Nf6 4.Nc3 a6 5.e3 b5 6.b3 Bg4 7.Be2 Nbd7 8.O-O e6 9.Ne5 Bxe2
10.Qxe2 Nxe5 11.dxe5 Nd7 12.f4 Bc5 13.Kh1 O-O 14.Bb2 Nb6 15.cxd5 cxd5 16.Rfd1 Qe7
17.Qd3 b4 18.Ne2 Rfc8 19.Rac1 a5 20.Bd4 Nd7 21.Rc2 Bxd4 22.exd4 Nf8 23.Rdc1 Qb7
24.Kg1 g6 25.Kf2 Rxc2 26.Qxc2 a4 27.Qc6 Qa7 28.Qd6 axb3 29.axb3 Qa6 30.Qxb4 Qd3
31.Qc3 Qe4 32.Qc2 Ra3 33.Qxe4 dxe4 34.Rb1 Ra2 35.g4 Nd7 36.b4 Nb6 37.b5 Kf8
38.Rb3 Ke8 39.Ke1 Kd7 40.Nc3 Rxh2 41.Nxe4 h5 42.gxh5 gxh5 43.Nf6+ Kd8 44.Rg3 Rb2
45.Rg8+ Kc7 46.Rg7 Rxb5 47.Rxf7+ Kd8 48.Nxh5 Rd5 49.Ng7 Rxd4 50.Nxe6+ Ke8
51.Rf8+ Ke7 52.Nxd4 Kxf8 53.Kf2 Kf7 54.Kf3 Kg6 55.Ke4 Nc4 56.f5+ Kf7 57.Ne2 Nb6
58.Nf4 Nc4 59.f6 Kf8 60.e6 Nd6+ 61.Kd5  1-0

[Event "RUS-ch sf"]
[Site "Ekaterinburg"]
[Date "1996.??.??"]
[Round "?"]
[White "Fokin, Sergey"]
[Black "Volkov, Sergey"]
[Result "1-0"]
[WhiteElo "2370"]
[BlackElo "2460"]

1.d4 d5 2.c4 c6 3.Nf3 Nf6 4.Nc3 a6 5.cxd5 cxd5 6.Bf4 Nc6 7.e3 Bg4 8.Be2 e6
9.O-O Be7 10.Rc1 O-O 11.h3 Bh5 12.Ne5 Bxe2 13.Qxe2 Nxe5 14.dxe5 Nd7 15.Rfd1 Bc5
16.Qg4 Qe7 17.Bg5 f6 18.exf6 Nxf6 19.Bxf6 Rxf6 20.Rxd5 Rg6 21.Qc4 exd5 22.Nxd5 Qf7
23.Qxc5 Re8 24.Qd4 Rd6 25.e4 Rdd8 26.Rc3 Rc8 27.Rg3 Rc1+ 28.Kh2 Rc6 29.f4 Rd8
30.f5 Kh8 31.a4 h6 32.Qe5 Kh7 33.b3 a5 34.Nf4 Qf6 35.Qxa5 b6 36.Qb5 Rc5 37.Qe2 Qe5
38.Nd3 Rxd3 39.Qxd3 b5 40.h4 Rc1 41.f6 Rc7 42.fxg7 Rxg7 43.Qc3 Qxc3 44.Rxc3 Rg4
45.Rc7+ Kg8 46.Rc6 b4 47.a5 Rxh4+ 48.Kg3 Rxe4 49.a6 Kf7 50.a7 Re8 51.Ra6 Ra8
52.Kh4 Ke7 53.Kh5 Kd7 54.Kxh6 Kc7 55.Kh7 Kb7 56.Ra1  1-0

[Event "RUS-ch"]
[Site "Elista"]
[Date "1996.??.??"]
[Round "1"]
[White "Ulibin, Mikhail"]
[Black "Shovunov, Baatr"]
[Result "1-0"]
[WhiteElo "2550"]
[BlackElo "2320"]

1.d4 d5 2.c4 c6 3.Nf3 Nf6 4.Nc3 a6 5.Ne5 b5 6.cxd5 cxd5 7.Bf4 e6 8.e3 Nfd7
9.Bd3 Nxe5 10.Bxe5 Nd7 11.Bg3 Nf6 12.O-O Be7 13.a4 b4 14.Nb1 O-O 15.Nd2 a5
16.Qe2 Bd6 17.Rfc1 Bxg3 18.hxg3 Qb6 19.Nb3 Bd7 20.Nc5 Rfc8 21.Rc2 Be8 22.Rac1 g6
23.e4 Nd7 24.exd5  1-0

[Event "RUS-ch (Women)"]
[Site "Elista"]
[Date "1996.??.??"]
[Round "5"]
[White "Grabuzova, Tatiana"]
[Black "Stepovaia Dianchenko, Tatiana"]
[Result "0-1"]
[WhiteElo "2245"]
[BlackElo "2385"]

1.d4 d5 2.c4 c6 3.Nc3 Nf6 4.Nf3 a6 5.e3 b5 6.cxd5 cxd5 7.Ne5 e6 8.Be2 Bd6
9.Nd3 O-O 10.Bd2 Nbd7 11.Rc1 e5 12.O-O e4 13.Nc5 Nb6 14.f3 exf3 15.Bxf3 Ra7
16.e4 dxe4 17.N3xe4 Nxe4 18.Nxe4 Nc4 19.b3 Nxd2 20.Qxd2 Be7 21.Rcd1 Qb6 22.Kh1 Bf5
23.Qf4 Bg6 24.Qe5 Rd8 25.d5 Bf8 26.h4 Re7 27.Qf4 Bxe4 28.Bxe4 Rd6 29.Bf3 Rf6
30.Qd4 Qd6 31.Bg4 Re5 32.Rxf6 Qxf6 33.d6 Re1+ 34.Kh2 Rxd1 35.Qxd1 Bxd6+ 36.Kh1 Qxh4+
37.Bh3 Qf4 38.Kg1 g6 39.Qd5 Kg7 40.a4 bxa4 41.bxa4 Qe3+ 42.Kf1 Bg3  0-1

[Event "BL2-N9596"]
[Site "Germany"]
[Date "1996.??.??"]
[Round "?"]
[White "Geisler, Robert"]
[Black "Salzenberg, Dirk"]
[Result "0-1"]
[WhiteElo "2240"]
[BlackElo "2220"]

1.d4 d5 2.c4 c6 3.Nf3 Nf6 4.Nc3 a6 5.Qb3 e6 6.Bg5 Be7 7.e3 O-O 8.Rc1 Nbd7
9.cxd5 exd5 10.Bd3 Ne4 11.Bxe7 Qxe7 12.Bxe4 dxe4 13.Nd2 Nf6 14.O-O Rd8 15.Qc2 Bf5
16.Nb3 Re8 17.a3 Rad8 18.Nc5 Rd6 19.Rce1 Bc8 20.b4 h5 21.Ne2 h4 22.Nc3 h3
23.f4 exf3 24.gxf3 Nd5 25.Nxd5 cxd5 26.Kh1 Rg6 27.Rf2 Qg5 28.Qd2 Qh5 29.Nd3 Rf6
30.Nf4 Qf5 31.Qd3 Qg5 32.Rg1 Qh4 33.Qd2 Be6 34.Rg3 Rc8 35.Rf1 Qh6 36.Rfg1 g6
37.Qe2 Rc3 38.a4 Qf8 39.b5 Qa3 40.Nxe6 Rxe6 41.Rxh3 Rcxe3 42.Qf2 Qe7 43.Qc2 Qf6
44.Qc8+ Re8 45.Qg4 Re1 46.Rg3 Rxg1+ 47.Rxg1 Re3 48.Rf1 Kg7 49.Qd7 axb5 50.axb5 Qxd4
51.Qxb7 Rb3 52.Qb8 Rb2 53.Rg1 Qe3 54.Qg3 Rxb5 55.Re1 Qd4 56.f4 Qf6 57.Re5 Rb1+
58.Kg2 d4 59.f5 Rd1 60.Kh3 Rc1 61.Kg4 Rc3 62.Qf4 Qc6 63.Re4 gxf5+ 64.Qxf5 Rc5  0-1

[Event "BL2-O9596"]
[Site "Germany"]
[Date "1996.??.??"]
[Round "?"]
[White "Roeschlau, Bernd"]
[Black "Sehrt, Juergen"]
[Result "1-0"]
[WhiteElo "2255"]
[BlackElo "2300"]

1.d4 d5 2.c4 c6 3.Nf3 Nf6 4.Nc3 a6 5.e3 e6 6.Bd3 b5 7.b3 Nbd7 8.O-O Bb7 9.Bb2 Bd6
10.Rc1 O-O 11.c5 Bc7 12.Ne2 Ne4 13.Ne5 Nexc5 14.Bb1 Nxe5 15.dxe5 Nd7 16.f4 c5
17.Ng3 g6 18.Qg4 Qe7 19.Nh5 Rfc8 20.Nf6+ Nxf6 21.exf6 Qf8 22.Rf3 Bc6 23.Be5 Bd7
24.Rh3 Bxe5 25.fxe5 d4 26.Qh4 h6 27.Qg4 Kh7 28.Rg3 Qg8 29.h4 Kh8 30.exd4 cxd4
31.Rd1 Rc5 32.Rxd4 Rc1+ 33.Rd1 Rac8 34.Rd3 Qf8 35.Qf4 Rxd1+ 36.Rxd1 Qc5+
37.Kh2 Kh7 38.h5 Rg8 39.hxg6+ Rxg6 40.Bxg6+ fxg6 41.Rxd7+  1-0